[Event " Ciutat d'Alzira 2014"]
[Site "Alzira ESP"]
[Date "2014.08.24"]
[Round "5.10"]
[White "Gonzalvez Perales, Jose Luis"]
[Black "Aledo Yanguas, Javier"]
[Result "1/2-1/2"]
[WhiteElo "2012"]
[BlackElo "1791"]
[PlyCount "106"]
[EventDate "2014.08.22"]
[EventType "swiss"]
[EventRounds "9"]
[EventCountry "ESP"]
[Source "lmi"]
[SourceDate "2014.08.22"]

1. e4 c6 2. c4 d5 3. exd5 cxd5 4. cxd5 Nf6 5. Nc3 Nxd5 6. Nf3 Nc6 7. Bb5 Nxc3
8. bxc3 Bd7 9. d4 Qa5 10. Qb3 e6 11. O-O Bd6 12. c4 O-O 13. Bb2 Rfd8 14. d5
exd5 15. cxd5 Ne7 16. Bxd7 Rxd7 17. Rfd1 Bf4 18. g3 Bc7 19. d6 Rxd6 20. Rxd6
Bxd6 21. Qxb7 Rb8 22. Qd7 Qc7 23. Qa4 Qb7 24. Be5 Bxe5 25. Nxe5 Ng6 26. Nxg6
hxg6 27. Rd1 Qf3 28. Qd4 Re8 29. a4 Re4 30. Qd8+ Kh7 31. a5 Re2 32. Qh4+ Qh5
33. Qxh5+ gxh5 34. Rd7 a6 35. Rd6 Re6 36. Rxe6 fxe6 37. Kg2 Kg6 38. Kf3 Kf5 39.
h3 Ke5 40. g4 hxg4+ 41. Kxg4 Kf6 42. h4 Kg6 43. h5+ Kh6 44. Kh4 g6 45. hxg6
Kxg6 46. Kg4 Kf6 47. Kf4 e5+ 48. Ke4 Ke6 49. f3 Kd6 50. Kf5 Kd5 51. Kf6 Kd6 52.
Kf7 Kd7 53. Kf6 Kd6 1/2-1/2

[Event " Ciutat d'Alzira 2014"]
[Site "Alzira ESP"]
[Date "2014.08.25"]
[Round "6.1"]
[White "Ventura Monfort, Santiago"]
[Black "Cebrian Flores, Juan Antonio"]
[Result "1/2-1/2"]
[WhiteElo "1934"]
[BlackElo "1995"]
[PlyCount "101"]
[EventDate "2014.08.22"]
[EventType "swiss"]
[EventRounds "9"]
[EventCountry "ESP"]
[Source "lmi"]
[SourceDate "2014.08.22"]

1. e4 g6 2. d4 Bg7 3. Nc3 d6 4. f4 Nf6 5. Nf3 O-O 6. Be3 a6 7. a4 b6 8. e5 Ne8
9. Ne4 d5 10. Nf2 e6 11. b4 c5 12. dxc5 f6 13. cxb6 fxe5 14. fxe5 Nc6 15. Bc5
Rxf3 16. gxf3 Bxe5 17. Ra3 Qh4 18. f4 Bxf4 19. Bg2 Nf6 20. Rh3 Qg5 21. O-O e5
22. b7 Bxb7 23. Nd3 Bc8 24. Nxf4 exf4 25. Rd3 Ne5 26. Be7 Bg4 27. Bxf6 Qxf6 28.
Bxd5+ Kg7 29. Qd2 Rf8 30. Rd4 f3 31. Rxg4 Nxg4 32. Bxf3 Qb6+ 33. Kh1 Ne3 34.
Rf2 Ng4 35. Rf1 h5 36. c3 Rd8 37. Qe2 Ne3 38. Rg1 Kh6 39. h3 Qe6 40. Kh2 Qe5+
41. Kh1 Qe6 42. Kh2 Re8 43. Qd3 Qe5+ 44. Kh1 Nf5 45. Qd2+ Kh7 46. Qg5 Re6 47.
Bxh5 Qe4+ 48. Kh2 Qe5+ 49. Kh1 Qe4+ 50. Kh2 Qe5+ 51. Kh1 1/2-1/2

[Event " Ciutat d'Alzira 2014"]
[Site "Alzira ESP"]
[Date "2014.08.25"]
[Round "6.3"]
[White "Simon Piera, Raul"]
[Black "Pedros Viudes, Santiago"]
[Result "1/2-1/2"]
[WhiteElo "1932"]
[BlackElo "1963"]
[PlyCount "130"]
[EventDate "2014.08.22"]
[EventType "swiss"]
[EventRounds "9"]
[EventCountry "ESP"]
[Source "lmi"]
[SourceDate "2014.08.22"]

1. d4 Nf6 2. Nf3 d5 3. Bf4 c5 4. e3 Nc6 5. c3 Qb6 6. Qc1 Bf5 7. dxc5 Qxc5 8.
Nd4 Nxd4 9. exd4 Qc6 10. a4 Qe6+ 11. Be2 Bd3 12. Qe3 Qxe3 13. Bxe3 Bxe2 14.
Kxe2 e6 15. Bf4 Nh5 16. Bg3 Kd7 17. Na3 a6 18. Nc2 Nxg3+ 19. hxg3 Be7 20. Kd3
h6 21. Rh5 Rhb8 22. Rhh1 b5 23. axb5 Rxb5 24. b4 a5 25. Ra4 Bd8 26. Rha1 Bc7
27. R1a2 Bd8 28. Na1 Rab8 29. bxa5 Rb2 30. Nc2 Rxa2 31. Rxa2 Ra8 32. a6 Kc6 33.
c4 dxc4+ 34. Kxc4 Kb6 35. Rb2+ Kxa6 36. Ra2+ Ba5 37. Nb4+ Kb6 38. Nd3 Rc8+ 39.
Nc5 Rc7 40. Rb2+ Kc6 41. Ra2 Bb6 42. Ra6 Ra7 43. Rxa7 Bxa7 44. Nd3 f6 45. Nf4
Kd6 46. Nd3 g5 47. g4 Bb6 48. f3 Ba5 49. Nc5 Be1 50. Ne4+ Ke7 51. d5 exd5+ 52.
Kxd5 Bb4 53. Ng3 Kf7 54. Nf5 Kg6 55. Ke6 Ba3 56. Ng3 Bb2 57. Ne4 Bd4 58. Nd6
Ba1 59. Nf5 h5 60. Ne7+ Kh6 61. gxh5 Kxh5 62. Kf5 Kh4 63. g4 Kg3 64. Ke4 Bc3
65. Nf5+ Kf2 1/2-1/2

[Event " Ciutat d'Alzira 2014"]
[Site "Alzira ESP"]
[Date "2014.08.25"]
[Round "6.4"]
[White "Benedito Salavert, Jaime"]
[Black "Morello Ostos, Domingo"]
[Result "1-0"]
[WhiteElo "1914"]
[BlackElo "1977"]
[PlyCount "71"]
[EventDate "2014.08.22"]
[EventType "swiss"]
[EventRounds "9"]
[EventCountry "ESP"]
[Source "lmi"]
[SourceDate "2014.08.22"]

1. Nf3 Nf6 2. c4 g6 3. g3 Bg7 4. Bg2 d6 5. d4 O-O 6. Nc3 c5 7. O-O Na6 8. e4
Bg4 9. e5 Nd7 10. exd6 exd6 11. Be3 Qb6 12. Qd2 Qb4 13. a3 Qxc4 14. Ne5 Nxe5
15. dxe5 Bxe5 16. Bd5 Bxc3 17. bxc3 Qa4 18. Bh6 Nc7 19. Bxb7 Qd7 20. Bxf8 Rxf8
21. Bg2 Rb8 22. Rab1 Rb6 23. Rfe1 Be6 24. Qg5 Nb5 25. Qf6 Bf5 26. Rb2 d5 27.
Qh4 Nxc3 28. Rxb6 axb6 29. Qf6 d4 30. Re7 Ne2+ 31. Kh1 Qxe7 32. Qxe7 d3 33. Bf1
Bg4 34. Qd8+ Kg7 35. Qxd3 c4 36. Qe4 1-0

[Event " Ciutat d'Alzira 2014"]
[Site "Alzira ESP"]
[Date "2014.08.25"]
[Round "6.5"]
[White "Pallas I Garrido, Ernest Josep"]
[Black "Perez Gisbert, Santiago"]
[Result "0-1"]
[WhiteElo "1844"]
[BlackElo "1937"]
[PlyCount "74"]
[EventDate "2014.08.22"]
[EventType "swiss"]
[EventRounds "9"]
[EventCountry "ESP"]
[Source "lmi"]
[SourceDate "2014.08.22"]

1. d4 e6 2. e4 d5 3. exd5 exd5 4. Nf3 Bd6 5. c4 dxc4 6. Bxc4 Nf6 7. O-O O-O 8.
Nc3 Bg4 9. h3 Bh5 10. Bg5 Nc6 11. Nd5 Be7 12. Nxe7+ Qxe7 13. Re1 Qd6 14. g4 Bg6
15. Bxf6 Qxf6 16. Ne5 Rad8 17. Nxc6 Qxc6 18. Rc1 Qb6 19. d5 Qxb2 20. Bb3 Rd7
21. Re2 Qf6 22. Qe1 Qd6 23. Rc3 Rdd8 24. Re7 Rd7 25. Re8 h6 26. Rce3 Rxe8 27.
Rxe8+ Kh7 28. Qe3 a6 29. h4 h5 30. gxh5 Bxh5 31. Qg5 g6 32. Qe3 Qf6 33. Re4 Bf3
34. Rd4 c5 35. Rd2 Re7 36. Qg5 Re1+ 37. Kh2 Qd6+ 0-1

[Event " Ciutat d'Alzira 2014"]
[Site "Alzira ESP"]
[Date "2014.08.25"]
[Round "6.6"]
[White "Rosello Huet, Miguel Angel"]
[Black "Albuixec Sanz, Jorge"]
[Result "0-1"]
[WhiteElo "1918"]
[BlackElo "1858"]
[PlyCount "100"]
[EventDate "2014.08.22"]
[EventType "swiss"]
[EventRounds "9"]
[EventCountry "ESP"]
[Source "lmi"]
[SourceDate "2014.08.22"]

1. d4 Nf6 2. Nf3 g6 3. Nc3 d5 4. Bf4 c5 5. Qd2 Bg7 6. e3 O-O 7. Ne5 cxd4 8.
exd4 Nc6 9. Be2 Bf5 10. g4 Be6 11. f3 Qb6 12. Nxc6 bxc6 13. Rb1 Nd7 14. Be3 f5
15. h4 f4 16. Bf2 a5 17. Na4 Qb4 18. b3 Qb7 19. Bd3 c5 20. dxc5 Bxg4 21. fxg4
e5 22. Qe2 e4 23. Bb5 e3 24. c6 Qc7 25. cxd7 exf2+ 26. Qxf2 Qe5+ 27. Qe2 Qd6
28. Rd1 f3 29. Qd2 Qg3+ 30. Qf2 Qxg4 31. Bc6 Be5 32. Rg1 Qb4+ 33. Kf1 Rad8 34.
h5 Kg7 35. h6+ Kh8 36. Rxd5 Bf6 37. c3 Qf4 38. Rd1 Qf5 39. Bxf3 Rxd7 40. Rxd7
Qxd7 41. Kg2 Be5 42. Rd1 Qf5 43. Rd5 Qg5+ 44. Kf1 Qc1+ 45. Rd1 Qf4 46. Ke2 Re8
47. Kd3 Qf5+ 48. Kc4 Rc8+ 49. Nc5 Qe6+ 50. Rd5 Qa6# 0-1

[Event " Ciutat d'Alzira 2014"]
[Site "Alzira ESP"]
[Date "2014.08.25"]
[Round "6.7"]
[White "Gonzalvez Tamarit, Ivan"]
[Black "Gonzalvez Perales, Jose Luis"]
[Result "0-1"]
[WhiteElo "1817"]
[BlackElo "2012"]
[PlyCount "118"]
[EventDate "2014.08.22"]
[EventType "swiss"]
[EventRounds "9"]
[EventCountry "ESP"]
[Source "lmi"]
[SourceDate "2014.08.22"]

1. d4 Nf6 2. c4 c5 3. d5 b5 4. f3 bxc4 5. e4 d6 6. Na3 g6 7. Bxc4 Bg7 8. Bb5+
Bd7 9. Bxd7+ Nbxd7 10. Ne2 O-O 11. O-O Rb8 12. Nc4 Ne8 13. Qc2 Nb6 14. Nxb6
Qxb6 15. Nc3 Bd4+ 16. Kh1 Nc7 17. Rb1 Na6 18. Na4 Qb5 19. Bd2 Nb4 20. Bxb4 Qxb4
21. b3 Qa5 22. Rfd1 f5 23. Re1 Be5 24. Rf1 fxe4 25. fxe4 Qb5 26. Rf3 Rxf3 27.
gxf3 Rf8 28. Kg2 Rf4 29. Nb2 Rh4 30. h3 Qd7 31. Rh1 Rh5 32. Nd3 Rg5+ 33. Kf1
Qb5 34. Qc4 Qxc4 35. bxc4 Bd4 36. Nf2 Rg3 37. Ke2 Rg2 38. Rf1 Rh2 39. Ke1 Bxf2+
40. Rxf2 Rxh3 41. Ke2 h5 42. Ke3 g5 43. Rg2 g4 44. Kf4 Rxf3+ 45. Kg5 Rh3 46.
Kg6 Rf3 47. Kxh5 g3 48. Kh4 Rf2 49. Kxg3 Rxg2+ 50. Kxg2 a6 51. a3 Kf7 52. Kf3
Kf6 53. Kf4 e6 54. e5+ dxe5+ 55. Ke4 exd5+ 56. cxd5 c4 57. Ke3 Ke7 58. Kd2 Kd6
59. Ke3 Kxd5 0-1

[Event " Ciutat d'Alzira 2014"]
[Site "Alzira ESP"]
[Date "2014.08.25"]
[Round "6.8"]
[White "De La Calle Llopis, Juan"]
[Black "Fenollar Marti, Jordi"]
[Result "1-0"]
[WhiteElo "2000"]
[BlackElo "1836"]
[PlyCount "55"]
[EventDate "2014.08.22"]
[EventType "swiss"]
[EventRounds "9"]
[EventCountry "ESP"]
[Source "lmi"]
[SourceDate "2014.08.22"]

1. Nf3 Nf6 2. c4 g6 3. Nc3 Bg7 4. g3 O-O 5. Bg2 d6 6. O-O e5 7. d3 Nh5 8. Bg5
f6 9. Bd2 f5 10. Rb1 c6 11. b4 b6 12. b5 Bb7 13. bxc6 Bxc6 14. Nb5 Na6 15. d4
Nc7 16. Bg5 Qd7 17. dxe5 Bxb5 18. cxb5 h6 19. Qxd6 Qxd6 20. exd6 hxg5 21. dxc7
g4 22. Ng5 Rac8 23. Bd5+ Kh8 24. Nf7+ Kh7 25. Rbc1 Nf6 26. Be6 Ne8 27. Bxc8
Rxf7 28. Bd7 1-0

[Event " Ciutat d'Alzira 2014"]
[Site "Alzira ESP"]
[Date "2014.08.25"]
[Round "6.9"]
[White "Del Arco Gimeno, Juan"]
[Black "Aledo Yanguas, Javier"]
[Result "0-1"]
[WhiteElo "1949"]
[BlackElo "1791"]
[PlyCount "113"]
[EventDate "2014.08.22"]
[EventType "swiss"]
[EventRounds "9"]
[EventCountry "ESP"]
[Source "lmi"]
[SourceDate "2014.08.22"]

1. e4 c6 2. d4 d5 3. exd5 cxd5 4. Bd3 Nc6 5. c3 g6 6. Bf4 Bg7 7. Nf3 Nh6 8.
Nbd2 Bf5 9. Qc2 Bxd3 10. Qxd3 O-O 11. O-O Nf5 12. Rfe1 e6 13. h3 a6 14. Re2 Nd6
15. Rae1 b5 16. Bg5 Qd7 17. Nb3 Nc4 18. Bf4 Qb7 19. Nfd2 Nxd2 20. Qxd2 a5 21.
Nc5 Qa7 22. Nd3 Rfc8 23. Bh6 Bh8 24. a3 b4 25. axb4 axb4 26. Qf4 bxc3 27. bxc3
Ne7 28. Nc5 Nf5 29. g4 Nxh6 30. Qxh6 Bg7 31. Qd2 Bf8 32. Nd3 Qa3 33. Rc1 Rc7
34. Ne5 Rac8 35. Qf4 Bd6 36. Rec2 Bxe5 37. Qxe5 Rxc3 38. Rxc3 Rxc3 39. Rxc3
Qxc3 40. Qb8+ Kg7 41. Qe5+ Kf8 42. Kg2 Qb4 43. g5 Kg8 44. Kh2 Qf8 45. Kg3 h6
46. h4 Kh7 47. Kg4 Qa3 48. Qf4 Qf8 49. Qf6 Kg8 50. f3 Qc8 51. Kh3 Qc2 52. Kg3
Qf5 53. Qe7 hxg5 54. hxg5 Kg7 55. Qd8 e5 56. dxe5 Qxe5+ 57. f4 0-1

[Event " Ciutat d'Alzira 2014"]
[Site "Alzira ESP"]
[Date "2014.08.25"]
[Round "6.10"]
[White "Juan Soriano, Leo"]
[Black "Leon Colan, Carlos Edmundo"]
[Result "0-1"]
[WhiteElo "1572"]
[BlackElo "1933"]
[PlyCount "122"]
[EventDate "2014.08.22"]
[EventType "swiss"]
[EventRounds "9"]
[EventCountry "ESP"]
[Source "lmi"]
[SourceDate "2014.08.22"]

1. d4 e6 2. Nf3 d5 3. Bg5 Nf6 4. e3 c5 5. c3 a6 6. Bd3 c4 7. Bc2 b5 8. a3 Bb7
9. Nbd2 Nbd7 10. Ne5 Qc7 11. Bf4 Bd6 12. Nxd7 Qxd7 13. Bxd6 Qxd6 14. Nf3 Nd7
15. Ng5 Nf6 16. Qf3 h6 17. Nh3 O-O-O 18. Qg3 g5 19. Qxd6 Rxd6 20. f3 Kc7 21.
Nf2 Rdd8 22. h4 Rdg8 23. g4 h5 24. hxg5 Rxg5 25. f4 Rg7 26. g5 Ne8 27. O-O-O f5
28. gxf6 Nxf6 29. Rdg1 Rhg8 30. Rxg7+ Rxg7 31. Kd2 Bc6 32. Bd1 Be8 33. Bf3 a5
34. Nh3 Kd6 35. Rg1 Rb7 36. Ng5 b4 37. axb4 axb4 38. Rc1 bxc3+ 39. bxc3 Bg6 40.
Bd1 Rb2+ 41. Bc2 Ng4 42. Nf3 Bxc2 43. Rxc2 Rxc2+ 44. Kxc2 Nxe3+ 45. Kd2 Ng2 46.
Ng5 Nxf4 47. Ke3 Ng6 48. Kf3 e5 49. dxe5+ Kxe5 50. Nf7+ Kf6 51. Nd6 Ke6 52. Nb5
Ke5 53. Kg3 Ke4 54. Nd6+ Ke3 55. Nb5 Kd3 56. Kf3 h4 57. Kg4 h3 58. Kxh3 Nf4+
59. Kg3 Ne2+ 60. Kf2 Nxc3 61. Nc7 Kd2 0-1

[Event " Ciutat d'Alzira 2014"]
[Site "Alzira ESP"]
[Date "2014.08.26"]
[Round "7.1"]
[White "Cebrian Flores, Juan Antonio"]
[Black "Roca Cruz, Rafael"]
[Result "1-0"]
[WhiteElo "1995"]
[BlackElo "1950"]
[PlyCount "69"]
[EventDate "2014.08.22"]
[EventType "swiss"]
[EventRounds "9"]
[EventCountry "ESP"]
[Source "lmi"]
[SourceDate "2014.08.22"]

1. e4 e5 2. Nf3 Nc6 3. Bb5 Bc5 4. O-O Nd4 5. Bc4 d6 6. Nxd4 Bxd4 7. c3 Bb6 8.
d4 Qe7 9. Re1 h6 10. Qd3 Nf6 11. Nd2 O-O 12. Nf1 c6 13. Bb3 d5 14. exd5 e4 15.
dxc6 bxc6 16. Qg3 g5 17. Bxg5 hxg5 18. Qxg5+ Kh8 19. Qh4+ Kg7 20. Qg5+ Kh8 21.
Ng3 Rg8 22. Qh4+ Kg7 23. Rxe4 Qd6 24. Qg5+ Kf8 25. Qh6+ Rg7 26. Nh5 Nxe4 27.
Qxg7+ Ke7 28. Re1 Qg6 29. Qxg6 fxg6 30. Rxe4+ Kd6 31. Ng3 a5 32. Re8 c5 33.
dxc5+ Bxc5 34. Ne4+ Kd7 35. Ba4+ 1-0

[Event " Ciutat d'Alzira 2014"]
[Site "Alzira ESP"]
[Date "2014.08.26"]
[Round "7.2"]
[White "Boj Marques, Javier"]
[Black "Jarque Megias, Juan Jose"]
[Result "1-0"]
[WhiteElo "1950"]
[BlackElo "1854"]
[PlyCount "141"]
[EventDate "2014.08.22"]
[EventType "swiss"]
[EventRounds "9"]
[EventCountry "ESP"]
[Source "lmi"]
[SourceDate "2014.08.22"]

1. d4 e6 2. c4 Nf6 3. Nf3 b6 4. g3 Bb7 5. Bg2 Be7 6. O-O O-O 7. Nc3 Ne4 8. Qc2
Nxc3 9. Qxc3 Bf6 10. Qc2 d5 11. Bf4 Na6 12. Rfd1 Qe7 13. cxd5 exd5 14. a3 Rfe8
15. e3 c5 16. Be5 Rac8 17. Bxf6 Qxf6 18. Qa4 Re6 19. Rac1 h6 20. Ne5 cxd4 21.
Rxc8+ Bxc8 22. exd4 Bb7 23. b4 Qe7 24. Bf1 f6 25. Nf3 Nb8 26. Qxa7 Nc6 27. Qa4
Rd6 28. Re1 Re6 29. Rd1 Rd6 30. Qb3 Qe4 31. Qe3 Bc8 32. Bd3 Qxe3 33. fxe3 Bg4
34. Kf2 Kf7 35. Rc1 Ke6 36. Ng1 Ne7 37. h3 Bh5 38. Ne2 g5 39. Bb5 Rd8 40. g4
Be8 41. Bd3 Ra8 42. Rc3 f5 43. Kf3 fxg4+ 44. hxg4 Bd7 45. Kg3 Kd6 46. Ng1 Re8
47. Nf3 Nc6 48. Bb5 Re4 49. Bxc6 Bxc6 50. Ne5 Be8 51. Rc8 Ke7 52. Kf2 h5 53.
gxh5 Bxh5 54. Rb8 g4 55. Rb7+ Kf6 56. Rxb6+ Kg5 57. a4 Kh4 58. Nxg4 Rxg4 59. a5
Kh3 60. Rh6 Rg2+ 61. Kf1 Rg5 62. a6 Rf5+ 63. Ke1 Kh4 64. a7 Rf8 65. b5 Re8 66.
Kd2 Kg5 67. Rxh5+ Kxh5 68. b6 Ra8 69. b7 Rxa7 70. b8=Q Ra2+ 71. Kd3 1-0

[Event " Ciutat d'Alzira 2014"]
[Site "Alzira ESP"]
[Date "2014.08.26"]
[Round "7.3"]
[White "Perez Gisbert, Santiago"]
[Black "Ventura Monfort, Santiago"]
[Result "1/2-1/2"]
[WhiteElo "1937"]
[BlackElo "1934"]
[PlyCount "80"]
[EventDate "2014.08.22"]
[EventType "swiss"]
[EventRounds "9"]
[EventCountry "ESP"]
[Source "lmi"]
[SourceDate "2014.08.22"]

1. e4 c5 2. Nf3 d6 3. d4 cxd4 4. Nxd4 Nf6 5. Nc3 a6 6. Be2 e5 7. Nb3 Be7 8. O-O
O-O 9. Re1 Be6 10. Bf3 Qc7 11. a4 Rc8 12. Be3 Nbd7 13. a5 Rab8 14. Qd2 b5 15.
axb6 Nxb6 16. Be2 Nc4 17. Bxc4 Bxc4 18. f3 h6 19. Rec1 d5 20. Nxd5 Nxd5 21.
exd5 Rd8 22. Qa5 Qxa5 23. Nxa5 Bxd5 24. c4 Ba8 25. c5 Rxb2 26. Nc4 Rb3 27. Bf2
Bg5 28. Re1 Rc3 29. Nxe5 Rd2 30. Ng4 Bd5 31. h4 Bf4 32. g3 Bxf3 33. gxf4 Bxg4
34. Re8+ Kh7 35. Be1 Rdc2 36. Bxc3 Rxc3 37. Rxa6 Rxc5 38. Kf2 Be6 39. Ra3 Rc2+
40. Kg3 Rc1 1/2-1/2

[Event " Ciutat d'Alzira 2014"]
[Site "Alzira ESP"]
[Date "2014.08.26"]
[Round "7.4"]
[White "Raimundo Medina, Fermin"]
[Black "De La Calle Llopis, Juan"]
[Result "0-1"]
[WhiteElo "1764"]
[BlackElo "2000"]
[PlyCount "80"]
[EventDate "2014.08.22"]
[EventType "swiss"]
[EventRounds "9"]
[EventCountry "ESP"]
[Source "lmi"]
[SourceDate "2014.08.22"]

1. e4 e6 2. d4 d5 3. Bd3 c5 4. exd5 Qxd5 5. Nc3 Qd8 6. dxc5 Bxc5 7. Nf3 Nc6 8.
Bf4 Nf6 9. O-O h6 10. a3 O-O 11. b4 Bb6 12. Na4 Bc7 13. Bxc7 Qxc7 14. c4 e5 15.
Re1 Bg4 16. h3 Bxf3 17. Qxf3 Nd4 18. Qe3 Rfe8 19. Nc3 Rad8 20. Ne2 Nb3 21. Rad1
Nd4 22. Qg3 Nxe2+ 23. Rxe2 a5 24. Rde1 axb4 25. axb4 Qd6 26. Rd1 Qxb4 27. Rxe5
Rxe5 28. Qxe5 Rxd3 29. Ra1 Qd6 30. Ra8+ Kh7 31. Qxd6 Rxd6 32. Rb8 Rd1+ 33. Kh2
Rd7 34. Rc8 Kg6 35. Kg3 Ne4+ 36. Kf3 Ng5+ 37. Ke3 Ne6 38. g3 Kf6 39. h4 h5 40.
f3 Rd8 0-1

[Event " Ciutat d'Alzira 2014"]
[Site "Alzira ESP"]
[Date "2014.08.26"]
[Round "7.5"]
[White "Leon Colan, Carlos Edmundo"]
[Black "Simon Piera, Raul"]
[Result "0-1"]
[WhiteElo "1933"]
[BlackElo "1932"]
[PlyCount "68"]
[EventDate "2014.08.22"]
[EventType "swiss"]
[EventRounds "9"]
[EventCountry "ESP"]
[Source "lmi"]
[SourceDate "2014.08.22"]

1. d4 d5 2. e3 Bf5 3. c4 c6 4. Nc3 e6 5. Nf3 Nd7 6. Bd2 Ngf6 7. c5 Ne4 8. b4
Be7 9. Be2 Bf6 10. Nxe4 dxe4 11. Ng1 a5 12. b5 O-O 13. bxc6 bxc6 14. f4 exf3
15. Bxf3 e5 16. Bxc6 exd4 17. Rc1 Rc8 18. Bxd7 Qxd7 19. Bxa5 Rfe8 20. Nf3 Qb5
21. Bb6 Rxe3+ 22. Kf2 Qb2+ 23. Kg1 Re2 24. Qf1 d3 25. h3 Be4 26. Rc4 Re8 27.
Bc7 Qxa2 28. Rb4 Qd5 29. Bd6 Bxf3 30. Qxf3 Qxf3 31. gxf3 Re1+ 32. Kg2 Rxh1 33.
Bf4 Rhe1 34. Rb3 d2 0-1

[Event " Ciutat d'Alzira 2014"]
[Site "Alzira ESP"]
[Date "2014.08.26"]
[Round "7.6"]
[White "Aledo Yanguas, Javier"]
[Black "Castillo Garcia, Adrian"]
[Result "1/2-1/2"]
[WhiteElo "1791"]
[BlackElo "1719"]
[PlyCount "86"]
[EventDate "2014.08.22"]
[EventType "swiss"]
[EventRounds "9"]
[EventCountry "ESP"]
[Source "lmi"]
[SourceDate "2014.08.22"]

1. e4 e6 2. d4 d5 3. exd5 exd5 4. c3 Bd6 5. Bd3 Nc6 6. Nf3 Nge7 7. Be3 Bf5 8.
Qc2 Qd7 9. Nbd2 Bxd3 10. Qxd3 Ng6 11. O-O-O O-O-O 12. h4 Nce7 13. Nf1 Nf5 14.
g3 Nxe3 15. Nxe3 Rhe8 16. h5 Nf8 17. Nf5 g6 18. Nxd6+ Qxd6 19. Ne5 Re7 20. f4
Rde8 21. Rhe1 f6 22. Nf7 Qd7 23. Rxe7 Qxe7 24. Nh6 Qg7 25. Ng4 Nd7 26. Ne3 c6
27. g4 Kd8 28. c4 Qe7 29. Nc2 Qe4 30. Qxe4 Rxe4 31. cxd5 cxd5 32. hxg6 hxg6 33.
Rf1 f5 34. gxf5 gxf5 35. Rf3 Nf8 36. Ne3 Rxd4 37. Nxf5 Rc4+ 38. Kd2 Ne6 39. Nd6
Rxf4 40. Rxf4 Nxf4 41. Nxb7+ Kc7 42. Nc5 Kc6 43. Nd3 Ne6 1/2-1/2

[Event " Ciutat d'Alzira 2014"]
[Site "Alzira ESP"]
[Date "2014.08.26"]
[Round "7.7"]
[White "Sendra Tormo, Juan"]
[Black "Rosello Huet, Miguel Angel"]
[Result "1/2-1/2"]
[WhiteElo "1836"]
[BlackElo "1918"]
[PlyCount "125"]
[EventDate "2014.08.22"]
[EventType "swiss"]
[EventRounds "9"]
[EventCountry "ESP"]
[Source "lmi"]
[SourceDate "2014.08.22"]

1. e4 d5 2. exd5 Nf6 3. c4 c6 4. d4 cxd5 5. Nc3 Nc6 6. Bg5 e6 7. Nf3 Be7 8. c5
Ne4 9. Bxe7 Kxe7 10. Bb5 Nxc3 11. bxc3 Qa5 12. Qb3 Bd7 13. O-O a6 14. Bd3 b6
15. cxb6 Rhb8 16. Rab1 Rb7 17. a4 Rab8 18. Qa3+ Ke8 19. Nd2 Rxb6 20. Rxb6 Rxb6
21. Rb1 Rxb1+ 22. Nxb1 Nxd4 23. h3 Nc6 24. Nd2 Ne5 25. Bc2 h6 26. Qb3 Nc6 27.
Bd3 Ne7 28. Bc2 f6 29. Qb2 Kd8 30. Qb8+ Nc8 31. Qg3 g5 32. Qe3 Ke7 33. Nf3 e5
34. h4 Kd6 35. hxg5 hxg5 36. c4 d4 37. Qe2 Bxa4 38. Bd3 Bc6 39. Nd2 Qc3 40. c5+
Qxc5 41. Bxa6 Ne7 42. Nc4+ Kc7 43. Qb2 Nd5 44. Nd2 Qb4 45. Qa2 f5 46. Nf3 e4
47. Nxg5 d3 48. Bc4 d2 49. Be2 Qc3 50. Kh2 Kd6 51. Qb1 Qb4 52. Qc2 Ba4 53. Qc8
d1=Q 54. Bxd1 Bxd1 55. Qxf5 Bc2 56. Qf8+ Kc6 57. Qxb4 Nxb4 58. Kg3 Kd5 59. Kf4
Nd3+ 60. Ke3 Nc5 61. f3 exf3 62. gxf3 Bf5 63. Ne4 1/2-1/2

[Event " Ciutat d'Alzira 2014"]
[Site "Alzira ESP"]
[Date "2014.08.26"]
[Round "7.8"]
[White "Ventura Monfort, Javier"]
[Black "Nieto Tornero, Jose"]
[Result "0-1"]
[WhiteElo "1819"]
[BlackElo "1914"]
[PlyCount "52"]
[EventDate "2014.08.22"]
[EventType "swiss"]
[EventRounds "9"]
[EventCountry "ESP"]
[Source "lmi"]
[SourceDate "2014.08.22"]

1. d4 d5 2. c4 c6 3. Nc3 Nf6 4. e3 g6 5. Nf3 Bg7 6. b3 O-O 7. Bd3 Bf5 8. Bxf5
gxf5 9. O-O Qa5 10. Bd2 Qa6 11. Ne5 e6 12. f4 Nbd7 13. cxd5 cxd5 14. Rf3 Rfc8
15. Qe1 Nf8 16. Qh4 Ne8 17. Na4 f6 18. Ng4 fxg4 19. Qxg4 f5 20. Qg5 Ng6 21. Nc5
Rxc5 22. dxc5 Bxa1 23. Rg3 Qe2 24. Bb4 Nf6 25. h4 Ng4 26. Rxg4 Qxg4 0-1

[Event " Ciutat d'Alzira 2014"]
[Site "Alzira ESP"]
[Date "2014.08.26"]
[Round "7.9"]
[White "Pradas Soria, Ernesto"]
[Black "Pallas I Garrido, Ernest Josep"]
[Result "1/2-1/2"]
[WhiteElo "1741"]
[BlackElo "1844"]
[PlyCount "54"]
[EventDate "2014.08.22"]
[EventType "swiss"]
[EventRounds "9"]
[EventCountry "ESP"]
[Source "lmi"]
[SourceDate "2014.08.22"]

1. d4 d5 2. c4 e6 3. Nc3 c6 4. Nf3 f5 5. cxd5 exd5 6. Bf4 Bd6 7. Bxd6 Qxd6 8.
Qc2 Nf6 9. Ne5 O-O 10. e3 Nbd7 11. f4 Ne4 12. Bd3 Ndf6 13. Nxe4 fxe4 14. Be2
Bd7 15. Rc1 Rac8 16. O-O Be8 17. g4 Nd7 18. Nxd7 Bxd7 19. Qc5 Qg6 20. Rf2 a6
21. Qe7 Rf7 22. Qh4 Qf6 23. Qg3 Qd6 24. f5 Qxg3+ 25. hxg3 Rcf8 26. Rcf1 Rf6 27.
Rf4 Kh8 1/2-1/2

[Event " Ciutat d'Alzira 2014"]
[Site "Alzira ESP"]
[Date "2014.08.26"]
[Round "7.10"]
[White "Costa Grau, Adrian"]
[Black "Del Arco Gimeno, Juan"]
[Result "0-1"]
[WhiteElo "1663"]
[BlackElo "1949"]
[PlyCount "58"]
[EventDate "2014.08.22"]
[EventType "swiss"]
[EventRounds "9"]
[EventCountry "ESP"]
[Source "lmi"]
[SourceDate "2014.08.22"]

1. e4 d6 2. d4 c5 3. Nf3 Nf6 4. Nc3 cxd4 5. Nxd4 g6 6. Be3 Nc6 7. f3 Bg7 8. Qd2
a6 9. Bc4 Ne5 10. Bb3 Qc7 11. O-O-O Nc4 12. Bxc4 Qxc4 13. Nb3 Qc7 14. Bd4 Be6
15. g4 Rc8 16. g5 Nh5 17. Bxg7 Nxg7 18. Qd4 O-O 19. h4 Nh5 20. Rd2 b5 21. Rf1
Bc4 22. Nd5 Qd8 23. Rff2 Bxd5 24. Qxd5 Qd7 25. Qd3 Qh3 26. Rh2 Qg3 27. Kb1 Rc7
28. Nd4 Qg1+ 29. Rd1 Qxh2 0-1

[Event " Ciutat d'Alzira 2014"]
[Site "Alzira ESP"]
[Date "2014.08.26"]
[Round "8.1"]
[White "Boj Marques, Javier"]
[Black "Cebrian Flores, Juan Antonio"]
[Result "1/2-1/2"]
[WhiteElo "1950"]
[BlackElo "1995"]
[PlyCount "24"]
[EventDate "2014.08.22"]
[EventType "swiss"]
[EventRounds "9"]
[EventCountry "ESP"]
[Source "lmi"]
[SourceDate "2014.08.22"]

1. e4 c5 2. Nf3 d6 3. d4 cxd4 4. Nxd4 Nf6 5. Nc3 a6 6. Be3 e5 7. Nb3 Be6 8. f3
b5 9. a4 b4 10. Nd5 Nxd5 11. exd5 Bf5 12. a5 Nd7 1/2-1/2

[Event " Ciutat d'Alzira 2014"]
[Site "Alzira ESP"]
[Date "2014.08.26"]
[Round "8.2"]
[White "De La Calle Llopis, Juan"]
[Black "Benedito Salavert, Jaime"]
[Result "0-1"]
[WhiteElo "2000"]
[BlackElo "1914"]
[PlyCount "76"]
[EventDate "2014.08.22"]
[EventType "swiss"]
[EventRounds "9"]
[EventCountry "ESP"]
[Source "lmi"]
[SourceDate "2014.08.22"]

1. e4 c6 2. d3 d5 3. Nd2 dxe4 4. dxe4 e5 5. g3 Bc5 6. Bg2 Nf6 7. Ngf3 Bg4 8.
O-O Nbd7 9. a4 O-O 10. h3 Bh5 11. Re1 Qe7 12. c3 a5 13. Qc2 b5 14. Nh4 Nb6 15.
Nf5 Qc7 16. Nb3 Nfd7 17. axb5 a4 18. Nxc5 Nxc5 19. bxc6 f6 20. Be3 Nb3 21. Rxa4
Nxa4 22. Qxb3+ Kh8 23. Qb7 Rfc8 24. Ne7 Rab8 25. Qxc7 Rxc7 26. Nd5 Rxc6 27. Nb4
Rcc8 28. Bc1 Bf7 29. Bf1 Bc4 30. Bxc4 Rxc4 31. f3 Kg8 32. Kf1 Kf7 33. Rd1 Ke6
34. Ke2 g6 35. Na6 Rb6 36. Nb4 Rxc3 37. Nd5 Rc2+ 38. Kd3 Rbc6 0-1